Представление документа в формате RUSMARC

Поле Инд. ПП Название Значение
Тип записи a
Библиографический уровень a
001 Контрольный номер 2f1b06808a894a198435888b073d887a
005 Дата корректировки 20200512133700.1
100 a Данные общей обработки 20180921 ||| 0rusy0189 ca
101 0_ a Язык текста rus
102 a Страна публикации RU
200 1_ f Первые сведения об ответственности И. Приходько
a Заглавие Вопросы правового статуса Верховного Суда РФ в контексте определения применимых правовых позиций высших судебных инстанций, сформулированных ими до упразднения ВАС РФ
b Общее обозначение материала Текст
210 d Дата издания 2018
461 _0 1 2000
a Хозяйство и право
463 _0 1 2000
a №7
v С. 89-100
1 2101
d 2018
1 001839d1e69363e43d888a47bb7ff14743e
606 a Основная рубрика Правоохранительные и судебные органы
610 0_ a Ключевые слова СУДЕБНАЯ СИСТЕМА
a Ключевые слова РЕФОРМЫ
a Ключевые слова ВЕРХОВНЫЙ СУД РФ
a Ключевые слова СТАТУС ПРАВОВОЙ
a Ключевые слова ВЫСШИЙ АРБИТРАЖНЫЙ СУД РФ
a Ключевые слова ПРАВОПРЕЕМСТВО
700 _1 a Фамилия Приходько
b Имя И.
801 _0 a Страна RU
b Организация РГУП
c Дата составления 20180921
g Правила каталогизации PSBO
801 _1 a Страна RU
b Организация РГУП
c Дата составления 20180921
g Правила каталогизации PSBO
901 t Тип документа b
w Контрольный № источника 839d1e69363e43d888a47bb7ff14743e
905 a Дата ввода 20180921